00719nam a2200181 i 450000100060000000300090000600500170001500700030003200800410003508000230007610000270009924501980012626000780032430000200040265100560042270000360047885200230051432863ES-MaACL20230906154641.0t|030131s1856 sp ||||1| spa d a94(460)"1474/1516"1 aBernáldez, Andrés.10aHistoria de los Reyes Católicos D. Fernando y Dª Isabel b: crónica inédita del siglo XV / cescrita por el bachiller Andrés Bernáldez ; [prólogo de Manuel Lafuente y Alcántara]. aGranada : b[s.n.], c1856 (fImp. y Librería de José María Zamora) a2 v. ; c21 cm. aEspaña-xHistoria-y1474-1516, Reyes Católicos.1 aLafuente y Alcántara, Manuel. aES-MaACLjC-375-76